000 00993nam a22002654a 4500
001 198421
005 20260601204950.0
008 260529b2026 sp ||||| |||| 00| 0 spa d
017 _aM 11163-2026
020 _a9788496018631
040 _bspa
_cES-MaACL
100 _aLópez Gil, Leopoldo
_9243183
245 _aLa vida sigue, la lucha continua
250 _aPrimera edición: abril 2026
300 _a298 páginas
_c22 cm
336 _2rdacontent
_atexto
337 _2rdamedia
_asin mediación
338 _2rdacarrier
_avolumen
500 _aRegistro provisional. DJ-10. Depósito J
852 _aES-MaACL
_cDEPOJ
_jDJ-10
_gDedicatoria autógrafa del autor
_hDonación: Leopoldo López Gil
_xEncuadernación rustica con solapas
_zEn proceso
942 _2udc
_cMONOGRAFIA
_n0
999 _c198421
_d198421